Megadeth Albums - Statistics

General Stats
  • This quiz has been taken 331 times
  • The average score is 14 of 17
Answer Stats
Year Album % Correct
1986 Peace Sells...But Who's Buying?
97%
1990 Rust In Peace
96%
1985 Killing Is My Business...And Business Is Good!
93%
1992 Countdown To Extinction
92%
2016 Dystopia
89%
1988 So Far, So Good...So What!
89%
1994 Youthanasia
88%
1999 Risk
86%
1997 Cryptic Writings
85%
2022 The Sick, the Dying... and the Dead!
84%
2011 Th1rt3en
82%
2013 Super Collider
81%
2004 The System Has Failed
77%
2001 The World Needs a Hero
74%
2007 United Abominations
74%
2009 ENDGAME
72%
1995 Hidden Treasures
64%
No matching quizzes found
Score Distribution
Percent of People with Each Score
Percentile by Number Answered
Your Score History
You have not taken this quiz